01332nam a2200301 i 4500003000900000005001700009007000300026008004100029040003000070082001300100100005400113245022900167264004500396300004000441336002700481337003300508338002800541500002600569500004600595590002700641700005500668700006300723700005000786910001400836942001400850952014900864999001701013DO-SdBNP20240312152950.0ta240312s200u dr a 000 0 spa d aDO-SdBNPbspacBNPHUerda bP349222 aPeña Escoto de López, Joseline929568eautora10aOrtografía y valores El Escolar :b3er. grado, educación básica /cJoseline Peña Escoto de López, Aleyda Montes de Oca Boyer ; ilustración Katja Karina Féliz Montes de Oca, Ayeska Carolina Féliz Montes de Oca 1aSanto Domingo ;bEdiciones MB, c[200-]. a80 páginasbilustracionesc28 cm. 2rdacontentatextobtxt 2rdamediaasin mediaciónbn 2rdacarrieravolumenbnc aEducación básica. aTrabaja las habilidades del pensamiento.  aInventariado, 2024/ YL1 aMontes de Oca de Boyer, Aleydaedirección9292201 aFéliz Montes de Oca, Katja Karinaeilustración 9231711 aFéliz Montes de Oca, Ayeska Carolina985022 aYLockward 2ddccLBS1 00102ddc51708CIJ-PDaBNPHUbBNPHUcCTd2021-02-19eDonado por Ana Fernándezl0oBNPHU CIJ-PD P349p2024-1398r2024-03-12w2024-03-12yLBS1 c56086d56086